000
00207 a2200097 4500
001
23664
100
_a
Waheed, K.A
245
_a
Bibliography of Iqbal
260
_a
_b
Iqbal Academy
_c
090
_c
16044
_d
16044
942
_a
NUST-CAE
_c
M
_c
6719
999
_c
258737
_d
258737